000 00558cam a22001935a 4500
001 L155919
008 120423s1850 xxk f 000 0 eng d
035 _a(Sirsi) u155919
041 0 _aeng
100 1 _aWoolrych, Humphry W.
_q(Humphry William)
_d1795-1871
245 0 2 _aA treatise of the law of rights of common
250 _a2nd ed.
260 _aLondon
_bW. Benning
_c1850
300 _axxx, 496 p.
_c23 cm.
583 _aCondition reviewed
_c20120620
_lcondition level 1
651 4 _aGreat Britain
_y1707-
690 _aLand use
_96251
942 _n0
999 _c113920
_d113920